[Event "Seebach op 23rd"]
[Site "Grossenseebach"]
[Date "2012.06.07"]
[Round "2"]
[White "Rausch, Norbert"]
[Black "Weissmann, Peter"]
[Result "0-1"]
[WhiteElo "1527"]
[BlackElo "1742"]
[PlyCount "94"]
[EventDate "2012.06.07"]
[EventType "swiss"]
[EventRounds "7"]
[EventCountry "GER"]
[SourceTitle "EXT 2013"]
[Source "ChessBase"]
[SourceDate "2012.11.22"]
[SourceVersion "1"]
[SourceVersionDate "2012.11.22"]
[SourceQuality "1"]

1. f4 d5 2. Nf3 c5 3. e3 g6 4. Be2 Bg7 5. 0-0 Nc6 6. d3 b5 7. a4 b4 8. Nbd2 a5 9. Rb1 Nf6 10. b3 Ng4 11. Bb2 Bxb2 12. Rxb2 Nxe3 13. Qe1 Nxf1 14. Nxf1 Qd6 15. Qh4 Qf6 16. Qxf6 exf6 17. d4 Nxd4 18. Nxd4 cxd4 19. Bf3 Bb7 20. Ng3 0-0 21. f5 Rfe8 22. Ne2 Re3 23. Nxd4 Rae8 24. Kf2 R3e5 25. g4 Rc8 26. Rb1 Kf8 27. Rc1 Ke7 28. Ne2 gxf5 29. gxf5 Rxf5 30. Nd4 Re5 31. Bg4 Rc7 32. Nf5+ Kf8 33. Nd4 Re4 34. Nb5 Rxg4 35. Nxc7 d4 36. Rg1 Rxg1 37. Kxg1 Be4 38. Nb5 Bxc2 39. Nxd4 Bd1 40. Kf2 Ke8 41. Ke1 Bg4 42. Nc6 Be6 43. Nxa5 Kd7 44. Kd2 f5 45. Kd3 f4 46. Ke4 Kc7 47. Kxf4 Kb6 0-1